000 00635nam a2200193 i 4500
001 146325
003 ES-MaACL
005 20230906201508.0
007 t|
008 070906s1960 sp |||| | spa d
080 _a38(467.11)"1939/.."
080 _a338(467.11)"1939/.."
100 1 _aTrías Fargas, Ramón.
_9111378
245 1 3 _aLa balanza de pagos interior
_b: estudio relativo a la provincia de Barcelona /
_cRamón Trías Fargas.
260 _a[Madrid :
_bGraf. Ograma,
_c1960]
300 _a373 p. ;
_c27 cm.
651 4 _aBarcelona (Provincia)-
_xSituación económica-
_y1939-1975.
_9167752
852 _aES-MaACL
_jC-18929
999 _c146325
_d146325